Communities, Institutions and 'Transition' in Post. 1991 Eurasia/ (Record no. 176942)

MARC details
000 -LEADER
fixed length control field 00734nam a22001937a 4500
005 - DATE AND TIME OF LATEST TRANSACTION
control field 20231211103058.0
010 ## - LCCN (DPL NO)
LC control number ENG-138569
020 ## - INTERNATIONAL STANDARD BOOK NUMBER
International Standard Book Number 9788175415881
Terms of availability 1600.00
035 ## - SYSTEM CONTROL NUMBER
System control number EN-122101
037 ## - SOURCE OF ACQUISITION
Source of stock number/acquisition DBAD/PUB
082 ## - DEWEY DECIMAL CLASSIFICATION NUMBER
Classification number 330.958
Edition number COM
245 ## - TITLE STATEMENT
Title Communities, Institutions and 'Transition' in Post. 1991 Eurasia/
Statement of responsibility, etc Edited By Suchandana Chatterjee and Anita Sengupta
260 ## - PUBLICATION, DISTRIBUTION, ETC. (IMPRINT)
Place of publication, distribution, etc Delhi
Name of publisher, distributor, etc Shipra Publications
Date of publication, distribution, etc 2011
270 ## - ADDRESS
City Delhi
Address H.O.: LG 18-19, Pankaj Central Market, Patparganj,
Postal code 110092
Telephone number 91-11-22235152
Electronic mail address www.shiprapublications.com
300 ## - PHYSICAL DESCRIPTION
Extent 494p.
Dimensions 22cm(hb)
710 ## - ADDED ENTRY--CORPORATE NAME
Corporate name or jurisdiction name as entry element Chatterjee, Suchandana
Relator term Editor
9 (RLIN) 59613
710 ## - ADDED ENTRY--CORPORATE NAME
Corporate name or jurisdiction name as entry element Sengupta, Anita
Relator term Editor
9 (RLIN) 59614
942 ## - ADDED ENTRY ELEMENTS (KOHA)
Source of classification or shelving scheme Dewey Decimal Classification
Item type English Books
Classification part 330.958
Call number suffix COM
Holdings
Withdrawn status Lost status Not for loan Collection code Home library Current library Date acquired Source of acquisition Cost, normal purchase price Full call number Barcode Copy number Cost, replacement price Koha item type
      Reference Vinoba Puri Vinoba Puri 06/02/2021 DBAD/PUB 1600.00 330.958 COM EN-122101 1 1600.00 English Books

© Delhi Public Library
Hit Counter
free hit counter